Municípios da RIDE Distrito Federal e Entorno no mapa - Statistics

Estatísticas Gerais
  • Esse quiz foi jogado 169 vezes
  • A pontuação média é 9 de 33
Respostas no mapa
Respostas codificadas por cores de uma escala verde-vermelha no mapa do quiz de acordo com a % correta abaixo.
 
Estatísticas das Respostas
Município % Correto
Luziânia
84%
Águas Lindas de Goiás
76%
Valparaíso de Goiás
72%
Unaí
66%
Formosa
64%
Planaltina
62%
Novo Gama
59%
Cidade Ocidental
49%
Santo Antônio do Descoberto
43%
Alexânia
33%
Abadiânia
32%
Cristalina
32%
Pirenópolis
29%
Padre Bernardo
28%
Cabeceira Grande
21%
Cabeceiras
21%
Cocalzinho de Goiás
21%
Alto Paraíso de Goiás
17%
Niquelândia
17%
Buritis
16%
Cavalcante
16%
Água Fria de Goiás
12%
Arinos
12%
Corumbá de Goiás
9%
Goianésia
9%
Vila Boa
8%
Mimoso de Goiás
7%
São João d'Aliança
7%
Alvorada do Norte
5%
Barro Alto
5%
Flores de Goiás
5%
Vila Propício
4%
Simolândia
3%
Nenhum quiz correspondente encontrado
Distribuição das Pontuações
Porcentagem de Pessoas com Cada Pontuação
Percentil de Números Respondidos
Sua Pontuação Histórica
Você não jogou esse quiz